000 00333pam a2200133 a 4500
020 _c
041 _h
082 _a743.028
_bBAR
100 _aBarringtom Barber .
245 _aThe Complete Book of Drawing
_hTextual Documents
260 _a[s.l]:
_bCapella Arcturus Publishing,
_c2014.
300 _a352:
_bpaper.
930 _a7286
999 _c241076
_d241076